00401nam a2200133 a 4500008004100000050001500041100002400056245007000080246003000150260004600180300002200226350000900248650001000257120416s1946 ||||||||||||||||| || u aBP 109 Kor aAli, Abdullah Yusuf14aThe holy Qur'ancTranslation and commentary by Abdullah Yusuf Ali aKoran, English and Arabic aTeheranbIslamic Propagation Centrec1946 alviii, 1862 pages a0.00 aISLAM